| 000 | 01644nam a2200421 i 4500 | ||
|---|---|---|---|
| 001 | DIGUSTGIL0291 | ||
| 003 | NyNyDIG | ||
| 006 | m o d | ||
| 007 | cr ||||||||||| | ||
| 008 | 231030s2022 sp a o 000 0 spa d | ||
| 035 | _a(OCoLC)1409626036 | ||
| 040 |
_aDGITA _beng _erda _epn _cDGITA |
||
| 020 |
_a9788425234248 _q(pdf digital) |
||
| 020 | _z9788425234231 | ||
| 041 | 1 |
_aspa _heng |
|
| 050 | 1 | 4 | _aP93.5 ebook |
| 100 | 1 |
_aBrand, Willemien, _eauthor. |
|
| 240 | 1 | 0 |
_aVisual thinking. _lSpanish _s(Giménez) |
| 245 | 1 | 0 |
_aVisual thinking : _bcómo aprovechar la colaboración visual para empoderar a personas y organizaciones / _cWillemien Brand ; traducción, Darío Giménez. |
| 264 | 1 |
_aBarcelona : _bGG, _c2022. |
|
| 300 |
_a1 online resource : _billustrations. |
||
| 336 |
_atext _btxt _2rdacontent |
||
| 337 |
_acomputer file _bc _2rdamedia |
||
| 338 |
_aonline resource _bcr _2rdacarrier |
||
| 347 |
_atext file _2rdaft |
||
| 347 | _bPDF | ||
| 588 | 0 | _aOnline resource; title from PDF title page (Digitalia, viewed October 30, 2023) | |
| 650 | 0 | _aVisual communication. | |
| 650 | 0 | _aGraphic arts. | |
| 700 | 1 |
_aGiménez, Darío, _etranslator. |
|
| 700 | 1 |
_iTranslation of: _aBrand, Willemien. _tVisual thinking. |
|
| 776 | 0 | 8 |
_iPrint version: _aBrand, Willemien. _sVisual thinking. Spanish (Giménez). _tVisual thinking. _dBarcelona : GG, 2022 _z9788425234231 |
| 791 | 2 |
_aDigitalia (Firm), _edistributor. |
|
| 793 | 0 |
_gDigitalia eBook Collection: _aEditorial Gustavo Gili |
|
| 856 | 4 | 0 |
_3Digitalia Hispánica _uhttps://www.digitaliapublishing.com/a/130533/ |
| 910 | _aPremium collection: 2023 | ||
| 942 | _cRAA | ||
| 999 |
_c280986 _d280986 |
||